Spirit of 'C' an introduction to modern programming (Record no. 106744)

MARC details
000 -LEADER
fixed length control field 00371nam a2200145Ia 4500
008 - FIXED-LENGTH DATA ELEMENTS--GENERAL INFORMATION
fixed length control field 230917s9999||||xx |||||||||||||| ||und||
040 ## - CATALOGING SOURCE
-- 132457
Original cataloging agency VIVEKANANDA LIBRARY
041 ## - Language
-- English
082 ## - DDC NUMBER
Classification number 005.133 C784S
100 ## - MAIN ENTRY--PERSONAL NAME
Personal name ooper, Mullish
245 #0 - TITLE STATEMENT
Title Spirit of 'C' an introduction to modern programming
260 ## - PUBLICATION, DISTRIBUTION, ETC. (IMPRINT)
Place of publication, distribution, etc Mumbai
Name of publisher, distributor, etc JAICO
Date of publication, distribution, etc 2000
300 ## - PHYSICAL DESCRIPTION
Pages 527p p.
942 ## - ADDED ENTRY ELEMENTS (KOHA)
Koha item type Books
Holdings
Withdrawn status Lost status Damaged status Not for loan Location (home branch) Sublocation or collection (holding branch) Shelving location Date acquired Koha issues (times borrowed) Koha full call number Accession No. Koha date last seen Koha item type
        VIVEKANANDA LIBRARY VIVEKANANDA LIBRARY IMSAR Library 05/02/2010   005.133 C784S 192515 17/09/2023 Books
© Designed and Maintained by Vivekananda Library, MDU Rohtak